guess the kpop group by fandom name - Statistics

General Stats
  • This quiz has been taken 1,131 times
  • The average score is 15 of 25
Answer Stats
Fandom Name Answer % Correct
ARMY BTS
100%
BLINK BLACKPINK
96%
EXO-L EXO
96%
NCTzen NCT
94%
ONCE TWICE
94%
ReVeluv RED VELVET
92%
MooMoo MAMAMOO
89%
MOA TXT
89%
CARAT SEVENTEEN
87%
VIP BIG BANG
66%
Neverland (G)I-DLE
64%
MONBEBE MONSTA X
60%
Pink Panda APINK
55%
AROHA ASTRO
54%
WANNABLE WANNA ONE
50%
BLACK JACK 2NE1
44%
SONE SNSD
41%
E.L.F SUPER JUNIOR
39%
ABNEW AB6IX
37%
FOREVER EVERGLOW
33%
FIX CIX
21%
INNER CIRCLE WINNER
21%
UNIVERSE PENTAGON
18%
UJUNG WJSN
13%
L.O.Λ.E NU'EST
12%
No matching quizzes found
Score Distribution
Percent of People with Each Score
Percentile by Number Answered
Your Score History
You have not taken this quiz